000 00576nam a2200217Ii 4500
003 JO-AjNU
008 230606s9999||||xx |||||||||||||| ||und||
020 _a0-471-02960-2
040 _aJO-AjNU
_beng
_erda
_cJO-AjNU
041 _aeng
050 1 4 _aHD31.S3326.1996
100 3 _aSCHERMERHORN,JOHN R,
_eauthor
_92964
245 0 0 _aMANAGEMENT
250 _a5 ed
264 3 1 _aNew York:JOHN WILEY& SONS INC
300 _a525p
336 _atext
_btxt
_2rdacontent
337 _aunmediated
_bn
_2rdamedia
338 _avolume
_bnc
_2rdacarrier
650 4 _aMANAGEMENT
_92965
999 _aE1553
_c1553
_d1553